<?xml version="1.0" encoding="UTF-8"?>
<record
    xmlns:xsi="http://www.w3.org/2001/XMLSchema-instance"
    xsi:schemaLocation="http://www.loc.gov/MARC21/slim http://www.loc.gov/standards/marcxml/schema/MARC21slim.xsd"
    xmlns="http://www.loc.gov/MARC21/slim">

  <leader>00980nam a2200253 a 4500</leader>
  <controlfield tag="003">OSt</controlfield>
  <controlfield tag="005">20141028164640.0</controlfield>
  <controlfield tag="008">141014s2014    sp ||||  |||| 001 0 spa|d</controlfield>
  <datafield tag="020" ind1=" " ind2=" ">
    <subfield code="a">9788441535848</subfield>
  </datafield>
  <datafield tag="040" ind1=" " ind2=" ">
    <subfield code="b">cat</subfield>
    <subfield code="c">CDMR</subfield>
  </datafield>
  <datafield tag="100" ind1="1" ind2=" ">
    <subfield code="a">Schmidt, Eric,</subfield>
    <subfield code="d">1955-</subfield>
  </datafield>
  <datafield tag="245" ind1="1" ind2="3">
    <subfield code="a">El futuro digital </subfield>
    <subfield code="c">Eric Schmidt, Jared Cohen</subfield>
  </datafield>
  <datafield tag="260" ind1=" " ind2=" ">
    <subfield code="a">Madrid </subfield>
    <subfield code="b">Anaya Multimedia</subfield>
    <subfield code="c">2014</subfield>
  </datafield>
  <datafield tag="300" ind1=" " ind2=" ">
    <subfield code="a">430 p. </subfield>
    <subfield code="c">23 cm</subfield>
  </datafield>
  <datafield tag="500" ind1=" " ind2=" ">
    <subfield code="a">&#xCD;ndex</subfield>
  </datafield>
  <datafield tag="546" ind1=" " ind2=" ">
    <subfield code="a">Trad. de: The new digital age : reshaping the future of people, nations and business</subfield>
  </datafield>
  <datafield tag="650" ind1=" " ind2="7">
    <subfield code="a">Mitjans de comunicaci&#xF3; digitals</subfield>
    <subfield code="x">Aspectes socials</subfield>
    <subfield code="x">Previsi&#xF3;</subfield>
    <subfield code="2">lemac</subfield>
    <subfield code="9">3079</subfield>
  </datafield>
  <datafield tag="650" ind1=" " ind2="7">
    <subfield code="a">Mitjans de comunicaci&#xF3; digitals</subfield>
    <subfield code="x">Aspectes pol&#xED;tics</subfield>
    <subfield code="x">Previsi&#xF3;</subfield>
    <subfield code="2">lemac</subfield>
    <subfield code="9">3079</subfield>
  </datafield>
  <datafield tag="650" ind1=" " ind2="7">
    <subfield code="a">Tecnologia de la informaci&#xF3;</subfield>
    <subfield code="x">Aspectes socials</subfield>
    <subfield code="2">lemac</subfield>
    <subfield code="9">3508</subfield>
  </datafield>
  <datafield tag="650" ind1=" " ind2="7">
    <subfield code="a">Tecnologia de la informaci&#xF3;</subfield>
    <subfield code="x">Aspectes pol&#xED;tics</subfield>
    <subfield code="x">Previsi&#xF3;</subfield>
    <subfield code="2">lemac</subfield>
    <subfield code="9">3364</subfield>
  </datafield>
  <datafield tag="650" ind1=" " ind2="4">
    <subfield code="a">Tecnologia i civilitzaci&#xF3;</subfield>
    <subfield code="x">Previsi&#xF3;</subfield>
    <subfield code="9">4423</subfield>
  </datafield>
  <datafield tag="700" ind1="1" ind2=" ">
    <subfield code="a">Cohen, Jared,</subfield>
    <subfield code="d">1981</subfield>
  </datafield>
  <datafield tag="942" ind1=" " ind2=" ">
    <subfield code="2">udc</subfield>
    <subfield code="c">MON</subfield>
  </datafield>
  <datafield tag="999" ind1=" " ind2=" ">
    <subfield code="c">6758</subfield>
    <subfield code="d">6758</subfield>
  </datafield>
  <datafield tag="952" ind1=" " ind2=" ">
    <subfield code="0">0</subfield>
    <subfield code="1">0</subfield>
    <subfield code="4">0</subfield>
    <subfield code="7">0</subfield>
    <subfield code="a">CDMR</subfield>
    <subfield code="b">CDMR</subfield>
    <subfield code="d">2014-10-28</subfield>
    <subfield code="e">Intercanvi</subfield>
    <subfield code="g">19.90</subfield>
    <subfield code="l">2</subfield>
    <subfield code="m">1</subfield>
    <subfield code="o">Cc 5.1/26</subfield>
    <subfield code="p">CDMR1410301361</subfield>
    <subfield code="r">2016-10-13</subfield>
    <subfield code="s">2016-09-12</subfield>
    <subfield code="v">19.90</subfield>
    <subfield code="w">2014-10-28</subfield>
    <subfield code="y">MON</subfield>
  </datafield>
</record>
